Trái cây đại chiến Zombie - Câu đố bí ẩn về các nền văn minh cổ : Truyện tranh
"Trái Cây Đại Chiến Zombie - Câu Đố Bí Ẩn Về Các Nền Văn Minh Cổ" xoay quanh cuộc phiêu lưu của nhóm bạn trái cây tại Ai Cập cổ đại. Các bạn đã vô tình trở thành những thám tử tài ba, giải mã những bí ẩn và khám phá những kho báu...
Sparad:
| Huvudupphovsman: | |
|---|---|
| Övriga upphovsmän: | |
| Materialtyp: | Bok |
| Språk: | Vietnamese |
| Publicerad: |
H.
Phụ nữ Việt Nam
2020
|
| Ämnen: | |
| Taggar: |
Lägg till en tagg
Inga taggar, Lägg till första taggen!
|
| Thư viện lưu trữ: | Thư viện Trường Đại học Nam Cần Thơ |
|---|
| LEADER | 01310nam a22002057a 4500 | ||
|---|---|---|---|
| 001 | NCT_4_010214 | ||
| 008 | 240617b xxu||||| |||| 00| 0 vie d | ||
| 999 | |c 8455 |d 8455 | ||
| 020 | |c 95000 |a 9786045681374 | ||
| 082 | 0 | 4 | |2 23rd ed. |a 895.13 |b N104 |
| 100 | 1 | |a Tiếu Giang Nam | |
| 245 | 1 | 0 | |a Trái cây đại chiến Zombie - Câu đố bí ẩn về các nền văn minh cổ |b : Truyện tranh |c Tiểu Giang Nam ; Đàm Hưng (dịch) |
| 260 | |a H. |b Phụ nữ Việt Nam |c 2020 | ||
| 300 | |a 163 tr. |b minh họa |c 24cm | ||
| 520 | 3 | |a "Trái Cây Đại Chiến Zombie - Câu Đố Bí Ẩn Về Các Nền Văn Minh Cổ" xoay quanh cuộc phiêu lưu của nhóm bạn trái cây tại Ai Cập cổ đại. Các bạn đã vô tình trở thành những thám tử tài ba, giải mã những bí ẩn và khám phá những kho báu ẩn giấu trong các kim tự tháp, lăng mộ và đền đài cổ kính. | |
| 653 | |a Tham khảo | ||
| 700 | 1 | |a Đàm Hưng |e dịch | |
| 942 | |2 ddc |c BK | ||
| 952 | |0 0 |1 0 |2 ddc |4 0 |6 895_130000000000000_N104 |7 0 |9 29139 |a 000001 |b 000001 |d 2024-06-18 |o 895.13 N104 |p TK.04359 |r 2024-06-18 |v 95000.00 |w 2024-06-18 |y BK | ||
| 980 | |a Thư viện Trường Đại học Nam Cần Thơ | ||


